| 000 | 01667cab a2200277 4500 | ||
|---|---|---|---|
| 001 | E2048 | ||
| 008 | 090401t1993 xxu||||| |||| 00| 0 eng d | ||
| 035 | _a(Sirsi) u37248 | ||
| 041 | _aeng | ||
| 245 | _aLochalsh Estates limited v Crofters sharing in Avernish Common Grazings | ||
| 260 | _c1993 | ||
| 350 | _a0 | ||
| 490 |
_aSLC _v1993 R 85-93(9) |
||
| 520 | _aSLC Application Skye RN 481 Order of 1 June 1993. The landlord Applicants applied to the Court for authority to resume the whole of Avernish Common Grazings for the ourpose of afforestation. As three of the five shareholders in the common grazing had intimated objections to the application a hearing before the Court was arranged. However at the commencement of the hearing the agent for one of the shareholders intimated that she was now withdrawing her objections and accordingly a majority of the shareholders now consented to the application. Counsel for the landlords asked the Court to hear the application but then to sist the application pending the landlords applying to the Crofters Commission for their approval in terms of section 12(3) of the Crofters (Scotland) Act 1955. The Court refused the motion for the landlords and continued the appliation sine die to allow the landlords to apply to the Crofters Commission for their approval. | ||
| 650 | _aCOMMON GRAZINGS | ||
| 650 | _aCROFTERS (SCOTLAND) ACT 1955 | ||
| 650 | _aCROFTERS COMMISSION | ||
| 650 | _aCROFTING | ||
| 650 | _aRESUMPTION | ||
| 650 | _aSCOTLAND | ||
| 650 | _aSCOTTISH LAND COURT | ||
| 650 | _aSLC | ||
| 690 | _aLANDLORD AND TENANT-CASE LAW-AGRICULTURAL TENANCIES | ||
| 942 | _n0 | ||
| 948 | _c04/03/1997 | ||
| 999 |
_c24097 _d24097 |
||